00622nam a2200181 i 450000100060000000300090000600500170001500700030003200800410003510000200007624500900009626000650018630000220025149000480027360000500032183000480037185200210041955211ES-MaACL20230906163113.0t|030916s1906 fr ||||1| fre d1 aDelvolve, Jean.10aReligion, critique et philosophie positive chez Pierre Bayle / cpar Jean Delvolvé. aParis : bFélix Alcan, c1906 (eChartres : fImp. Durand) a445 p. ; c22 cm.1 aBibliothèque de philosophie contemporaine14aBayle, Pierre-xCrítica e interpretación.0 aBibliothèque de philosophie contemporaine aES-MaACLjB-6339